Ballon d'or 1996 - Statistiques

Statistiques générales
  • Ce quiz a été pris 52 fois
  • Le résultat moyen est 11 sur 32
Statistiques - réponses
Rang Joueurs Nationalité Points % Correct
Zinédine Zidane France 1
86%
2 Ronaldo Brésil 143
78%
12 George Weah Liberia 13
68%
1 Matthias Sammer Allemagne 144
65%
18 Didier Deschamps France 8
62%
7 Éric Cantona France 24
62%
Luís Figo Portugal 1
59%
8 Marcel Desailly France 22
57%
22 Paolo Maldini Italie 3
54%
4 Alessandro Del Piero Italie 69
51%
28 Ronald de Boer Pays-Bas 1
46%
6 Davor Šuker Croatie 38
43%
Raúl Espagne 4
41%
9 Youri Djorkaeff France 20
41%
3 Alan Shearer Angleterre 107
38%
Gabriel Batistuta Argentine 12
38%
Brian Laudrup Danemark 1
35%
5 Jürgen Klinsmann Allemagne 60
35%
Manuel Rui Costa Portugal 2
19%
11 Nwankwo Kanu Nigeria 14
19%
Predrag Mijatović Yougoslavie 9
16%
16 Fabrizio Ravanelli Italie 9
11%
10 Karel Poborský République Tchèque 15
8%
Trifon Ivanov Bulgarie 3
8%
13 Alen Bokšić Croatie 12
5%
Andreas Köpke Allemagne 12
5%
Christian Ziege Allemagne 3
5%
20 David Seaman Angleterre 4
3%
19 Kubilay Türkyılmaz Suisse 5
3%
Patrik Berger République Tchèque 3
3%
26 Radek Bejbl République Tchèque 2
0%
Sergi Barjuan Espagne 1
0%
Aucun quiz correspondant
Distribution des résultats
% des personnes avec chaque résultat
Percentile par nombre de réponses
Votre historique - résultats
Vous n’avez pas pris ce quiz